000
00284nam a2200133Ia 4500
008
090707b ii f a fnsan d
100
_a
Singh, Pritpal
_9
4902
245
_a
Sassi Hashim Shah
260
_a
Patiala
260
_b
Sangam
260
_c
0
300
_a
168p
942
_c
BK
999
_c
27199
_d
27199